000 00336cam a22001451 4500
040 _cFMU
082 _a630 HIL 1950 A109 Or.
100 1 _aHammonds, Carsie,
245 1 0 _aTeaching agriculture.
250 _a1st ed.
260 _aNew York,
_bMcGraw-Hill,
_c[c1950]
300 _a363 p.
_c24 cm.
650 0 _aAgriculture
942 _cEK
999 _c16993
_d16993